000 00333nam a22001217a 4500
040 _cHS
082 _a581
100 _aហ៊ល ថារីន
245 _aប្រព័ន្ធវារីរុក្ខជាតិ systematic auatic botany
260 _aRUA
_bហ៊ល ថារីន
_c2010
300 _a103p;
942 _cKB
999 _c8824
_d8824